000 00262nam a22001097a 4500
008 240530b |||||||| |||| 00| 0 eng d
100 _aNasim, Ahmed
_914904
245 _aDard jo Shahar
260 _aHyderabad:
_bSuhmi,Pub;
_c1968.
300 _a103p.
942 _cBK
999 _c39291
_d39291